000 00941nab a2200265 u 4500
001 15927
003 HDC
007 cr bn ---aaaaa
008 210201b20140613my ||||| |||| 00| 0 may d
040 _aHDC
100 _aRizanizam Abdul Hamid,
_eauthor
_915630
245 0 _aProduk guna logo halal palsu dirampas /
_cRizanizam Abdul Hamid
260 _aKuala Lumpur :
_bThe New Straits Times Press (M) Bhd.,
_c2014
300 _a1 online resource
336 _atext
_2rdacontent
337 _acomputer
_2rdamedia
338 _aonline resource
_2rdacarrier
650 _aFood industry and trade.
_9140
650 _aHalal food
_xCertification
_zMalaysia
_915921
710 _aHarian Metro,
_eissung body
856 _zRequest full-text at [email protected]
942 _2lcc
942 _cNEWS
942 _kNWSC 006460
999 _c13243
_d13243